00509pab a2200145 454500008004000000100001800040245011600058260000900174300001400183362000800197650004200205650003600247650002000283773006000303180718b2002 xxu||||| |||| 00| 0 eng d aCairney, Paul aNew public management and the Thatcher health care legacy: enough of the theory, what about the implementation? c2002 ap.375-98. aOct aPublic administration - Great Britain aHealth services - Great Britain aHealth services aBritish Journal of Politics and International Relations